| 000 | 00732nac a22002291u 4500 | ||
|---|---|---|---|
| 008 | 150901b xxu||||| |||| 00| 0 eng d | ||
| 010 | _a 97013594 | ||
| 020 | _a0201526689 (hardcover) | ||
| 082 | 0 | 0 |
_a330 _bPAR |
| 100 | _aParkin, Michael, | ||
| 245 | 1 | 0 |
_aEconomics / _cMichael Parkin. |
| 250 | _a7th ed. | ||
| 260 |
_aReading, Mass. : _bAddison-Wesley,2005 _c2005 |
||
| 300 |
_a1 v. (various pagings) : _bill. (some col.), col. map ; _c26 cm. |
||
| 440 | 4 | _aThe Addison-Wesley series in economics | |
| 500 | _adistributer: Baccah | ||
| 504 | _aIncludes bibliographical references and index. | ||
| 511 | _acatalogued by: wessam | ||
| 650 | 0 |
_aEconomics. _2BUEsh |
|
| 651 | _2BUEsh | ||
| 942 |
_cBB _k330PAR _2ddc |
||
| 999 |
_c8840 _d8840 |
||